Loading...

Engel der Geschichte : Sondernummer AD 1971

Saved in:
Bibliographic Details
Other Authors: Grieshaber, HAP (Editor, HerausgeberIn)
Dürer, Albrecht (KünstlerIn)
Document Type: Book
Language:German
Published: Hamburg [u.a.] : Claassen , [1971]
Author Notes:[herausgegeben von HAP Grieshaber]
LEADER 01253cam a2200349 c 4500
001 195702891
003 DE-627
005 20260320094408.0
007 tu
008 910531s1971 gw ||||| 00| ||ger c
020 |a 3546434692  |9 3-546-43469-2 
035 |a (DE-627)195702891 
035 |a (DE-576)024343196 
035 |a (DE-599)GBV195702891 
035 |a (OCoLC)603480 
035 |a (OCoLC)985729835 
040 |a DE-627  |b ger  |c DE-627  |e rakwb 
041 |a ger 
044 |c XA-DE 
245 0 0 |a Engel der Geschichte : Sondernummer AD 1971  |c [herausgegeben von HAP Grieshaber] 
246 3 0 |a Albrecht Dürer 
264 1 |a Hamburg [u.a.]  |b Claassen  |c [1971] 
300 |a 105 Seiten  |b Illustrationen 
336 |a Text  |b txt  |2 rdacontent 
337 |a ohne Hilfsmittel zu benutzen  |b n  |2 rdamedia 
338 |a Band  |b nc  |2 rdacarrier 
583 1 |a Archivierung prüfen  |c 20200919  |f DE-640  |z 2  |2 pdager 
583 1 |a Archivierung prüfen  |c 20240324  |f DE-4165  |z 1  |2 pdager 
700 1 |a Grieshaber, HAP  |d 1909-1981  |e HerausgeberIn  |0 (DE-588)118639374  |0 (DE-627)12214810X  |0 (DE-576)161198570  |4 edt 
700 1 |a Dürer, Albrecht  |d 1471-1528  |e KünstlerIn  |0 (DE-588)11852786X  |0 (DE-627)133817024  |0 (DE-576)160794544  |4 art 
951 |a BO 
999 |a KXP-PPN195702891  |e 3355877131